000 00490nam a22001817a 4500
005 20130716154035.0
010 _aENG-108027
020 _c175.00
_a9789381588703
035 _aEN-91560
037 _bDBAD/PUB
082 _aN
100 _aSaini, Deepanshu
245 0 0 _aLove @ 13,500 ft /
_cby Deepanshu Saini
260 _aNew Delhi
_bV & S Publishers
_c2012
270 _aF-2 /16, Ansari Road, Daryaganj
_bNew Delhi
_e110002
300 _a135p.
_c16cm(pbk)
942 _2ddc
_cEN
_mSAI
_hN
999 _c77557
_d77557